000 00426nam a22001337a 4500
040 _cNUST
082 _a200 THE
100 _aAyesha Tariq
_984100
110 _aSupervisor Dr. Farooque Azam
_984101
245 _aTH-SOF-1916-A Model Driven Framework for Modeling and Verification of Underwater Wireless Sensor Networks
260 _aISLAMABAD:
_bNUST COLLEGE OF EME,
_c2021.
650 _aMS-CSE-17
_984102
942 _2ddc
_cTHE
999 _c586742
_d586742